000 01437nkm a2200385 c 4500
999 _c208472
_d208472
003 BLK
005 20200428131835.0
008 180412b bul rap|r|||| r0| ||bulo|
010 _aKNG00042198000
020 _a2-7291-0119-5
040 _aBLK
041 _aFRE
_cFRE
080 _aЖивопис - художници
_b75.071.1
_x(460)(092)
_z75.071.1(460)(092)
080 _aФренска художничка абстракционист(1908-1992|
_b929 Виера да Силва, Мария Хелена
_z929 Виера да Силва, Мария Хелена
100 1 _aButor, Michel
_eпърви автор
_96556
139 _aButor, Michel
_bВ 57
_fV 61
_gВ 57 М
245 1 0 _aViera da Silva
_bPeintures
_cMichel Butor; Maria Helena Viera da Silva.; Мария Хелена Виера да Силва,
257 _aFRA
260 _bL'Autre Musee
_c1983
300 _a80 c
_bс ил.
_c16 см
380 _a7
600 1 4 _aВиера да Силва, Мария Хелена
_9224278
600 1 4 _aViera da Silva, Maria Helena
_927328
650 4 _aХудожници, френски - албуми
_9253572
651 4 _aФранция
_9179722
651 4 _aПортугалия
_9270360
653 _aхудожници
653 _aабстракционизъм
653 _aсюрреализъм
700 1 _aViera da Silva, Maria Helena
_927328
700 1 _aВиера да Силва, Мария Хелена
_9224278
852 _aЦб Гр А І 1093
856 4 _qpdf
_u
856 4 _qpdf
_u
942 _cGRA
_n0
_02
_s1
944 _aCR
_c15.01.2003
_kAB_DOS
944 _aED
_c11.02.2015
_kИрена_Линкова
999 _d208472
999 _d208472